Detalles MARC
| 000 -CABECERA |
| Longitud fija campo de control |
02457nam a2200505 c 4500 |
| 001 - NÚMERO DE CONTROL |
| Número de control |
16662 |
| 003 - IDENTIFICADOR DE NÚMERO DE CONTROL |
| Identificador del número de control |
ES-MaCES |
| 005 - FECHA Y HORA DE LA ÚLTIMA TRANSACCIÓN |
| Fecha y hora de la última transacción |
20190511040031.0 |
| 008 - CAMPO FIJO DE DESCRIPCIÓN FIJA--INFORMACIÓN GENERAL |
| Códigos de información de longitud fija |
040708s2004 sp d o000 | spa d |
| 017 ## - NÚMERO DE REGISTRO DE DERECHOS DE AUTOR Y DEPÓSITO LEGAL |
| Número de copyright o de depósito legal |
M 25582-2004 |
| Agencia que asigna el número |
DL |
| 020 ## - ISBN (INTERNATIONAL STANDARD BOOK NUMBER) |
| Número Internacional Normalizado para Libros (ISBN) |
8484171604 |
| 024 7# - OTROS IDENTIFICADORES |
| Número normalizado o código |
201-04-071-4 |
| Fuente del número o código |
nipo |
| 035 ## - NÚMERO DE CONTROL DEL SISTEMA |
| Número de control del sistema |
CES20040009289m |
| 040 ## - FUENTE DE CATALOGACIÓN |
| Centro catalogador de origen |
ES-MaCES |
| Lengua de catalogación |
spa |
| Centro transcriptor |
ES-MaCES |
| 111 2# - ENCABEZAMIENTO PRINCIPAL--NOMBRE DE REUNIÓN |
| Nombre de congreso o jurisdicción como elemento de entrada |
Jornadas de Estudio sobre Negociación Colectiva |
| Número del congreso o número de parte o sección de la obra |
16º |
| Fecha del congreso |
2003 |
| Sede del congreso |
Madrid |
| 9 (RLIN) |
881 |
| 245 10 - MENCIÓN DE TÍTULO |
| Título |
Nuevos problemas de la negociación colectiva |
| Resto del título |
: XVI Jornadas de Estudio sobre Negociación Colectiva, Madrid, 5 y 6 de junio de 2003 |
| Mención de responsabilidad, etc. |
edición preparada por la Comisión Consultiva Nacional de Convenios Colectivos |
| 260 ## - PUBLICACIÓN, DISTRIBUCIÓN, ETC (PIE DE IMPRENTA) |
| Lugar de publicación, distribución, etc. |
Madrid |
| Nombre del editor, distribuidor, etc. |
Ministerio de Trabajo y Asuntos Sociales, Subdirección General de Publicaciones |
| Fecha de publicación, distribución, etc. |
[2004] |
| 300 ## - DESCRIPCIÓN FÍSICA |
| Extensión |
397 p. |
| Dimensiones |
22 cm |
| 490 1# - MENCIÓN DE SERIE |
| Mención de serie |
Colección Informes y estudios. Serie Relaciones laborales |
| Designación de volumen o secuencia |
60 |
| 500 ## - NOTA GENERAL |
| Nota general |
Incluye: Informe negociación colectiva 2002 ; Memoria de actividades 2002 : composición y normas reguladoras / CCNCC |
| 541 ## - NOTA DE LA FUENTE INMEDIANTE DE ADQUISICIÓN |
| Forma de adquisición |
Gratuito |
| 610 14 - ASIENTO SECUNDARIO DE MATERIA--NOMBRE CORPORATIVO |
| Nombre de entidad corporativa o nombre de jurisdicción como elemento inicial |
Comisión Consultiva Nacional de Convenios Colectivos (España) |
| 9 (RLIN) |
2011 |
| 650 #4 - ASIENTO SECUNDARIO DE MATERIA--TÉRMINO DE MATERIA |
| Término de materia o nombre geográfico como elemento inicial |
negociación colectiva |
| 9 (RLIN) |
28362 |
| 650 #4 - ASIENTO SECUNDARIO DE MATERIA--TÉRMINO DE MATERIA |
| Término de materia o nombre geográfico como elemento inicial |
acuerdo económico |
| 9 (RLIN) |
27961 |
| 650 #4 - ASIENTO SECUNDARIO DE MATERIA--TÉRMINO DE MATERIA |
| Término de materia o nombre geográfico como elemento inicial |
2003 |
| 9 (RLIN) |
31178 |
| 650 #4 - ASIENTO SECUNDARIO DE MATERIA--TÉRMINO DE MATERIA |
| Término de materia o nombre geográfico como elemento inicial |
informe de actividades |
| 9 (RLIN) |
28984 |
| 650 #4 - ASIENTO SECUNDARIO DE MATERIA--TÉRMINO DE MATERIA |
| Término de materia o nombre geográfico como elemento inicial |
memoria anual |
| 9 (RLIN) |
28977 |
| 650 #4 - ASIENTO SECUNDARIO DE MATERIA--TÉRMINO DE MATERIA |
| Término de materia o nombre geográfico como elemento inicial |
España |
| 9 (RLIN) |
26964 |
| 650 #4 - ASIENTO SECUNDARIO DE MATERIA--TÉRMINO DE MATERIA |
| Término de materia o nombre geográfico como elemento inicial |
conferencia |
| 9 (RLIN) |
27013 |
| 653 10 - TÉRMINO DE INDEXACIÓN--NO CONTROLADO |
| Término no controlado |
Relaciones laborales-Empleo |
| 650 #4 - ASIENTO SECUNDARIO DE MATERIA--TÉRMINO DE MATERIA |
| 9 (RLIN) |
28369 |
| Término de materia o nombre geográfico como elemento inicial |
relaciones laborales |
| 650 #4 - ASIENTO SECUNDARIO DE MATERIA--TÉRMINO DE MATERIA |
| 9 (RLIN) |
30664 |
| Término de materia o nombre geográfico como elemento inicial |
concertación social |
| 650 #4 - ASIENTO SECUNDARIO DE MATERIA--TÉRMINO DE MATERIA |
| Término de materia o nombre geográfico como elemento inicial |
2002 |
| 9 (RLIN) |
36519 |
| 710 1# - ENCABEZAMIENTO SECUNDARIO--NOMBRE CORPORATIVO |
| Nombre de entidad o nombre de jurisdicción como elemento inicial |
Comisión Consultiva Nacional de Convenios Colectivos (España) |
| Término indicativo de función |
col. |
| 9 (RLIN) |
2011 |
| 710 1# - ENCABEZAMIENTO SECUNDARIO--NOMBRE CORPORATIVO |
| Nombre de entidad o nombre de jurisdicción como elemento inicial |
España |
| Unidad subordinada |
Ministerio de Trabajo y Asuntos Sociales |
| Término indicativo de función |
ed. |
| 9 (RLIN) |
3273 |
| 740 02 - ENCABEZAMIENTO SECUNDARIO--TÍTULO ANALÍTICO/RELACIONADO NO CONTROLADO |
| Título relacionado o analítico no controlado |
Informe negociación colectiva 2002 |
| 740 02 - ENCABEZAMIENTO SECUNDARIO--TÍTULO ANALÍTICO/RELACIONADO NO CONTROLADO |
| Título relacionado o analítico no controlado |
Memoria de actividades 2002 : composición y normas reguladoras / Comisión Consultiva Nacional de Convenios Colectivos |
| 787 0# - ENTRADA DE OTRAS ESPECIFICACIONES |
| Título |
Estado social y autonomía colectiva |
| Número de control del registro relacionado |
(ES-MaCES)18884 |
| 787 0# - ENTRADA DE OTRAS ESPECIFICACIONES |
| Título |
Memoria de actividades de la CCNCC, año 2003 / Comisión Consultiva Nacional de Convenios Colectivos |
| Número de control del registro relacionado |
(ES-MaCES)18074 |
| 787 0# - ENTRADA DE OTRAS ESPECIFICACIONES |
| Título |
Nuevas relaciones laborales y negociación colectiva |
| Número de control del registro relacionado |
(ES-MaCES)15329 |
| 830 #0 - ENCABEZAMIENTO SECUNDARIO DE COLECCIÓN--TÍTULO UNIFORME |
| Título uniforme |
Colección Informes y estudios (España. Ministerio de Trabajo y Asuntos Sociales) |
| Nombre de parte o sección de la obra |
Serie Relaciones laborales |
| Designación de volumen o secuencia |
60 |
| 9 (RLIN) |
32527 |
| 902 ## - CES. TIPO DE DOCUMENTO |
| Tipodoc (006$c Sirtex) |
LIB Libro |
| 942 ## - ELEMENTOS KOHA |
| Fuente de clasificaión o esquema |
Clasificación propia del CES |
| Koha [por defecto] tipo de item |
Monografías |
| Parte de clasificación |
2.0. |